Ley reguladora de la propiedad en condominio y la propiedad horizontal en Costa Rica: experiencias y problemas concretos Cátedra de Derechos Reales

El documento presenta un análisis de los temas de promulgación de la Ley Reguladora de la Propiedad en Condominio, en el año 1998, así como una visión académica del conocimiento de la propiedad y de las situaciones jurídicas derivadas de su uso y disfrute, así como disposición en una propiedad carac...

Popoln opis

Shranjeno v:
Bibliografske podrobnosti
Korporativna značnica: Facultad de Derecho Instituto de Investigaciones Jurídicas
Format: Texto
Jezik:Spanish
Izdano: San José: Instituto de Investigaciones Jurídicas. Facultad de Derecho, 2006
Teme:
Oznake: Označite
Brez oznak, prvi označite!

MARC

LEADER 00000 a a2200000 04500
001 34319
003 cru CIDCACS/IIS
005 20230619081211.0
008 230613e2006 cr ||||| |||| 00| 0 spa d
040 |c CRAI/IIS 
090 |a 04.01.02 M775a  
110 |9 11446  |a Facultad de Derecho  |b Instituto de Investigaciones Jurídicas 
245 |a Ley reguladora de la propiedad en condominio y la propiedad horizontal en Costa Rica: experiencias y problemas concretos Cátedra de Derechos Reales   |c Instituto de Investigaciones Jurídicas. Facultad de Derecho. Universidad de Costa Rica 
260 |a San José:   |b Instituto de Investigaciones Jurídicas. Facultad de Derecho,   |c 2006 
300 |a 296 páginas 
520 |a El documento presenta un análisis de los temas de promulgación de la Ley Reguladora de la Propiedad en Condominio, en el año 1998, así como una visión académica del conocimiento de la propiedad y de las situaciones jurídicas derivadas de su uso y disfrute, así como disposición en una propiedad caracterizada por limitaciones en una ley especial. 
650 |a LEGISLACION  
650 |a PROPIEDAD DE LA VIVIENDA  
650 |a COSTA RICA  
942 |2 ddc  |c LI  |h 04.01.02 M775a   |i 01865  |6 040102_M775A_01865 
999 |c 16557  |d 16557